20 Größte Seen der Welt - Statistiken

Allgemein
  • Dieses Quiz wurde 101 mal gespielt
  • Das Durchschnittsergebnis liegt bei 9 aus 20
Antwortstatistiken
Fläche Kontinent See % Korrekt
58,000 Nord Amerika Michigan
86%
68,870 Afrika Victoria
86%
31,500 Asien Baikal
82%
371,000 Asien/Europa Kaspisches Meer
82%
25,700 Nord Amerika Erie
77%
59,600 Nora Amerika Huron
73%
8,372 Süd Amerika Titicaca
62%
18,960 Nord Amerika Ontario
51%
82,100 Nord Amerika Superior
49%
31,000 Nord Amerika Große Bärensee
44%
29,500 Afrika Malawi
44%
27,000 Nord Amerika Großer Sklavensee
43%
18,130 Europa Ladoga
37%
32,600 Afrika Tanganjika
30%
9,720 Europa Onega
29%
8,264 Nord Amerika Nicaragua
19%
24,514 Nord Amerika Winnipeg
19%
7,850 Nord Amerika Athabasca
12%
12,500 Antarktis Wostok
12%
16,400 Asien Balkhash
11%
Keine übereinstimmenden Quizze gefunden
Verteilung der Resultate
Anzahl Personen mit jedem Resultat
Perzentil nach korrekt beantworteten Fragen
Ihre Resultats-Entwicklung
Sie haben dieses Quiz noch nicht gespielt